[Event "Let's Play Chess!"]
[Site "http://www.queenalice.com/game.php?id=378122"]
[Date "2008.3.27"]
[Round "-"]
[White "Kingswarrior"]
[Black "axelsun"]
[Result "1-0"]
[WhiteElo "1688"]
[BlackElo "1864"]

1. d4 d5 2. Nc3 c6 3. e4 dxe4 4. Nxe4 Bf5 5. Nc3 e6 6. g4 Bg6 7. h4 Bb4 8. h5
Bxc3+ 9. bxc3 Be4 10. Nf3 Qd5 11. Bg2 Nf6 12. g5 Nfd7 13. Rh2 Qd6 14. Rh3 Qd5
15. Rg3 Qf5 16. Nh4 Bxc2 17. Qe2 Qa5 18. Qxc2 e5 19. Nf5 exd4 20. Nxd4 c5 21.
Re3+ Kd8 22. Bxb7 cxd4 23. Rd3 Re8+ 24. Kf1 Nc5 25. Rxd4+ Kc7 26. Bxa8 Qb5+ 27.
c4 Qb6 28. Bf4+ Kc8 29. Qf5+ Ne6 30. Be5 Nd7 31. Rb1 Qc5 32. Bb7+ Kd8 33. Qxf7
Nxd4 34. Bxd4 Qxd4 35. Bc6 Qd3+ 36. Kg2 Ne5 37. Rb8# 1-0

[Event "AUTO-INT-854"]
[Site "http://www.queenalice.com/game.php?id=381217"]
[Date "2008.4.3"]
[Round "1"]
[White "GustavoSiqueira"]
[Black "Kingswarrior"]
[Result "0-1"]
[WhiteElo "1538"]
[BlackElo "1664"]

1. e4 d6 2. d4 Nf6 3. Nh3 Nxe4 4. Nc3 Nxc3 5. bxc3 Bxh3 6. gxh3 d5 7. Be3 c6 8.
Bd3 Qd6 9. Qf3 Nd7 10. Rb1 b6 11. Ba6 Nb8 12. Bd3 b5 13. Bf4 Qe6+ 14. Kd1 f5 15.
Re1 Qd7 16. Bg5 g6 17. Re5 e6 18. h4 Bg7 19. Re3 h6 20. Bf4 h5 21. Kd2 a5 22.
Rbe1 O-O 23. Rxe6 Na6 24. Rxg6 Rae8 25. Rd6 Qf7 26. Rxc6 Rxe1 27. Kxe1 Qe8+ 28.
Kf1 Qxc6 29. Qxh5 Qd7 30. Qg6 Rf6 31. Qh5 a4 32. Qg5 Qc8 33. Bxb5 Qxc3 34. Bxa6
Qa1+ 35. Kg2 Qxd4 36. Qg3 Qe4+ 37. Kf1 Qh1+ 38. Ke2 Re6+ 39. Be3 d4 40. Bc4 Qe4
41. h5 Qxc2+ 42. Kf3 Qxc4 43. h6 Qd5+ 44. Ke2 d3+ 45. Kd2 Qxa2+ 46. Kxd3 Qb3+
47. Ke2 Qc4+ 48. Kd2 Qc3+ 49. Ke2 f4 50. Qxf4 Bxh6 51. Qg4+ Kf7 52. Qf5+ Ke7 53.
Qh7+ Kd6 0-1

[Event "AUTO-INT-854"]
[Site "http://www.queenalice.com/game.php?id=381218"]
[Date "2008.4.3"]
[Round "1"]
[White "Kingswarrior"]
[Black "GustavoSiqueira"]
[Result "1-0"]
[WhiteElo "1652"]
[BlackElo "1550"]

1. d4 d5 2. Nf3 e6 3. e3 a6 4. a3 Nf6 5. b4 Nc6 6. c4 dxc4 7. Bxc4 b5 8. Bb3 Ne4
9. d5 Na7 10. O-O Qf6 11. Ra2 Bd6 12. Bb2 Qh6 13. Be5 f6 14. Bxd6 cxd6 15. dxe6
Bb7 16. Bd5 Rb8 17. Bxe4 Bxe4 18. Qxd6 Rd8 19. Qxa6 Qg6 20. Nh4 Qg4 21. Rd2 Qxh4
22. Rxd8+ Kxd8 23. Qd6+ Kc8 24. Rc1+ Kb7 25. Rc7+ Ka8 26. Qa6 Kb8 27. Qxa7# 1-0

[Event "AUTO-INT-854"]
[Site "http://www.queenalice.com/game.php?id=381233"]
[Date "2008.4.3"]
[Round "1"]
[White "Nascimento"]
[Black "Kingswarrior"]
[Result "0-1"]
[WhiteElo "1389"]
[BlackElo "1684"]

1. e4 c5 2. d4 e6 3. Qe2 d5 4. dxc5 dxe4 5. Qxe4 Bxc5 6. Nh3 Nf6 7. Qe5 Bd4 8.
Qb5+ Nc6 9. c3 a6 10. Qg5 Ne4 11. Qxg7 Bxg7 12. Bg5 Nxg5 13. Nxg5 Qxg5 0-1

[Event "AUTO-INT-854"]
[Site "http://www.queenalice.com/game.php?id=381234"]
[Date "2008.4.3"]
[Round "1"]
[White "Kingswarrior"]
[Black "Nascimento"]
[Result "1-0"]
[WhiteElo "1711"]
[BlackElo "1468"]

1. d4 d5 2. Nf3 Bf5 3. e3 e6 4. c4 dxc4 5. Bxc4 Na6 6. Nc3 Bb4 7. O-O c5 8. d5
Bxc3 9. bxc3 Ne7 10. Qa4+ Kf8 11. e4 Bxe4 12. Bxa6 exd5 13. Bxb7 Bd3 14. Rd1 c4
15. Ne5 Bf5 16. g4 Bxg4 17. Nxg4 f5 18. Ne5 Rb8 19. Nd7+ Kf7 20. Nxb8 Qxb8 21.
Rb1 h6 22. Bxd5+ 1-0

[Event "AUTO-INT-854"]
[Site "http://www.queenalice.com/game.php?id=381243"]
[Date "2008.4.3"]
[Round "1"]
[White "jns"]
[Black "Kingswarrior"]
[Result "0-1"]
[WhiteElo "1356"]
[BlackElo "1700"]

1. e4 e5 2. Bc4 Bc5 3. Qf3 Nf6 4. d3 Nc6 5. a3 Nd4 6. Qd1 h6 7. Be3 a5 8. Nf3 b5
9. c3 Nxf3+ 10. gxf3 Bxe3 11. fxe3 bxc4 12. dxc4 d6 13. Rg1 g5 14. Nd2 c5 15.
Nb3 a4 16. f4 axb3 17. Qxb3 exf4 18. Qb5+ Bd7 19. Qb7 fxe3 20. O-O-O Rb8 21. Qa7
Nxe4 22. Rd5 Nf6 0-1

[Event "AUTO-INT-854"]
[Site "http://www.queenalice.com/game.php?id=381244"]
[Date "2008.4.3"]
[Round "1"]
[White "Kingswarrior"]
[Black "jns"]
[Result "1-0"]
[WhiteElo "1702"]
[BlackElo "1354"]

1. e4 e5 2. Nc3 Bc5 3. Nf3 d6 4. d3 Bg4 5. Be2 Na6 6. h3 Bxf3 7. Bxf3 Qh4 8. g3
Qf6 9. Nd5 Qd8 10. a3 b5 11. b4 Nxb4 12. axb4 c6 13. bxc5 dxc5 14. Ne3 Nh6 15.
g4 Qh4 16. Ng2 Qf6 17. g5 Qe6 18. gxh6 gxh6 19. Bg4 Qd6 20. f4 f6 21. Bh5+ Ke7
22. Qg4 Rag8 23. Qf5 1-0

[Event "1700 Ratings only!!!"]
[Site "http://www.queenalice.com/game.php?id=420915"]
[Date "2008.6.21"]
[Round "-"]
[White "Kingswarrior"]
[Black "ulisses34"]
[Result "0-1"]
[WhiteElo "1717"]
[BlackElo "1696"]

1. d4 e6 2. Nf3 Nc6 3. e3 Nf6 4. a3 d5 5. Bd3 Bd6 6. O-O Ng4 7. Nbd2 e5 8. e4
exd4 9. exd5 Nce5 10. Re1 O-O 11. Nxd4 Qh4 0-1

[Event "1700 rating only please!!"]
[Site "http://www.queenalice.com/game.php?id=437586"]
[Date "2008.7.23"]
[Round "-"]
[White "Kingswarrior"]
[Black "Mikalus"]
[Result "0-1"]
[WhiteElo "1704"]
[BlackElo "1692"]

1. d4 d5 2. Nf3 e6 3. Nc3 c5 4. Be3 cxd4 5. Bxd4 Nf6 6. e3 Nc6 7. a3 Be7 8. b4
Bd7 9. b5 Nxd4 10. Nxd4 a6 11. a4 Qa5 12. Ne2 Bb4 13. Qd4 O-O 14. Rb1 Bxc3+ 15.
Nxc3 Ne4 16. Rb3 Rac8 17. bxa6 bxa6 18. Qb4 Qxb4 19. Rxb4 Nxc3 20. a5 Bb5 21.
Bxb5 Nxb5 22. O-O Rxc2 23. Ra1 Rfc8 24. Rbb1 Rd2 25. h4 Rcc2 26. Rf1 g6 27. g4
Ra2 28. h5 h6 29. hxg6 fxg6 30. Kg2 Kg7 31. Kg3 g5 32. Rxa2 Rxa2 33. f4 Rxa5 34.
f5 Kf6 35. fxe6+ Kxe6 36. Rf8 Nd6 37. Rh8 Nf7 38. Rb8 Ra3 39. Kf3 Ne5+ 40. Ke2
Nxg4 0-1

[Event "Challenge"]
[Site "http://www.queenalice.com/game.php?id=441591"]
[Date "2008.7.31"]
[Round "-"]
[White "Kingswarrior"]
[Black "anetta007"]
[Result "0-1"]
[WhiteElo "1688"]
[BlackElo "1699"]

1. d4 d5 2. Nf3 Nf6 3. e3 Bd7 4. Bd3 e6 5. a3 Bd6 6. O-O Qe7 7. Qe2 Nc6 8. e4
dxe4 9. Bxe4 O-O 10. Nc3 a6 11. b4 Nb8 12. Bxb7 Ra7 13. Be4 a5 14. b5 Nxe4 15.
Qxe4 f5 16. Qe3 Ra8 17. Bd2 c6 18. Qe2 Bxa3 19. Bg5 Qd6 0-1

[Event "Let's Play Chess!"]
[Site "http://www.queenalice.com/game.php?id=441657"]
[Date "2008.7.31"]
[Round "-"]
[White "Kingswarrior"]
[Black "CampbellMarcel"]
[Result "1-0"]
[WhiteElo "1680"]
[BlackElo "1837"]

1. d4 g6 2. e4 e5 3. dxe5 Qh4 4. Nc3 Bb4 5. Qf3 Qe7 6. Qg3 Nc6 7. f4 Nd4 8. Bd3
d5 9. exd5 Nf5 10. Qf3 Bxc3+ 11. bxc3 f6 12. e6 Nh4 13. Qg3 Nf5 14. Bxf5 gxf5
15. a4 Nh6 16. Ba3 Qd8 17. Qg7 Bxe6 18. dxe6 Rg8 19. Qxh6 Qd5 20. Qxf6 Qe4+ 21.
Ne2 1-0

[Event "AUTO-INT-854"]
[Site "http://www.queenalice.com/game.php?id=445023"]
[Date "2008.8.7"]
[Round "2"]
[White "Kingswarrior"]
[Black "drpehrson"]
[Result "0-1"]
[WhiteElo "1705"]
[BlackElo "1768"]

1. d4 g6 2. Nf3 e6 3. Nc3 d6 4. e4 Bg7 5. Be3 b6 6. a4 Nh6 7. Be2 O-O 8. Qd2 Ng4
9. h3 Nxe3 10. Qxe3 Bb7 11. e5 d5 12. b4 c5 13. bxc5 bxc5 14. dxc5 Nc6 15. Bd3
f6 16. exf6 Bxf6 17. Qxe6+ Kg7 0-1

[Event "AUTO-INT-854"]
[Site "http://www.queenalice.com/game.php?id=445024"]
[Date "2008.8.7"]
[Round "2"]
[White "drpehrson"]
[Black "Kingswarrior"]
[Result "1-0"]
[WhiteElo "1781"]
[BlackElo "1692"]

1. c4 c5 2. Nc3 Nc6 3. g3 g6 4. Bg2 Bg7 5. e3 e6 6. Nh3 Nh6 7. O-O O-O 8. a3 a6
9. d3 d6 10. Ng5 Qxg5 11. h3 Qf6 12. Ne4 Qe7 13. f4 f5 14. Ng5 Bd7 15. Ra2 b5
16. cxb5 axb5 17. Re1 e5 18. b3 1-0

[Event "Let's Play Chess!"]
[Site "http://www.queenalice.com/game.php?id=468109"]
[Date "2008.9.25"]
[Round "-"]
[White "Kingswarrior"]
[Black "Grant_Lee_Buffalo"]
[Result "0-1"]
[WhiteElo "1702"]
[BlackElo "1767"]

1. e4 e5 2. Nf3 Nc6 3. d4 exd4 4. Nxd4 Nxd4 5. Qxd4 c5 6. Qe5+ Qe7 7. Qxe7+ Bxe7
8. Nc3 Nf6 9. Bd3 d6 10. Be3 Bd7 11. h3 h6 12. g4 a6 13. f4 Bc6 14. O-O-O b5 15.
a3 c4 16. g5 hxg5 17. fxg5 cxd3 18. gxf6 dxc2 19. Kxc2 gxf6 20. Nd5 Bxd5 21.
Rxd5 Rc8+ 22. Kd3 Kd7 23. b4 Rh7 24. h4 Rch8 25. Bf2 Ke8 26. Rf5 Rh5 27. Rf4 d5
28. Ke3 dxe4 29. Rxe4 Re5 30. Kd4 Rhh5 31. Rhe1 Rd5+ 32. Kc3 Rde5 33. Kd4 Kf8
34. Bg3 Rxe4+ 35. Rxe4 f5 36. Rf4 Bd6 37. Rf3 Bxg3 38. Rxg3 Rxh4+ 39. Kc5 Rg4
40. Rf3 Rg6 41. Rxf5 Re6 42. Rf3 Ke7 43. Kd5 Rd6+ 44. Kc5 Re6 45. Kd5 f6 46. Rc3
Rd6+ 47. Ke4 Ke6 48. Rc8 f5+ 49. Kf4 Rd4+ 50. Ke3 Re4+ 51. Kd3 Kd7 52. Ra8 Re6
53. Ra7+ Ke8 54. Rc7 Kf8 55. Rc2 Kf7 56. Rf2 Kf6 57. Kd4 Rd6+ 58. Kc5 Rd3 59.
Ra2 f4 60. Kb6 Rd6+ 61. Kc5 Re6 62. a4 bxa4 63. Rxa4 Kf5 64. Ra3 Kg4 65. Kd5 Rh6
66. Ke4 Re6+ 67. Kd5 Rh6 68. Ke4 Rf6 69. Ke5 Rb6 70. Rb3 f3 71. Ke4 Rf6 72. Ke5
Rf8 73. Rb1 f2 74. Rf1 Kg3 75. Ke4 Kg2 76. Ra1 f1=Q 77. Rxf1 Rxf1 78. Kd4 Rc1
79. Kd3 Kg3 80. Kd2 Rc8 81. Kd3 Kf4 82. Kd4 Kf5 83. Kd5 Kf6 84. Kd6 Rc4 85. Kd5
Rxb4 0-1

[Event "Let's Play Chess!"]
[Site "http://www.queenalice.com/game.php?id=469661"]
[Date "2008.9.29"]
[Round "-"]
[White "Kingswarrior"]
[Black "widdlytinks"]
[Result "0-1"]
[WhiteElo "1706"]
[BlackElo "1672"]

1. d4 d5 2. Nf3 Nc6 3. Nc3 e6 4. e4 Bb4 5. Bd2 Bxc3 6. Bxc3 dxe4 7. Ne5 Nxe5 8.
dxe5 Bd7 9. Bd4 f6 10. f3 fxe5 11. Bxe5 exf3 12. Bxg7 fxg2 13. Bxg2 Qh4+ 14. Kf1
O-O-O 15. Bxh8 Rf8+ 16. Bf3 Bb5+ 17. Kg1 Nh6 18. h3 Rxh8 19. Rh2 Nf5 20. a4 Rg8+
21. Bg2 Ng3 22. axb5 Ne4 23. Qf3 Rg3 24. Qf8+ Kd7 25. Qf7+ Kd6 26. Rd1+ Kc5 27.
Qxc7+ Kxb5 28. Qxb7+ Kc4 29. b3+ Kc3 30. Rd3+ Rxd3 31. cxd3 Qf2+ 32. Kh1 Ng3#
0-1

[Event "Let's Play Chess!"]
[Site "http://www.queenalice.com/game.php?id=472976"]
[Date "2008.10.5"]
[Round "-"]
[White "Kingswarrior"]
[Black "Al_Bundy"]
[Result "1-0"]
[WhiteElo "1689"]
[BlackElo "1722"]

1. Nc3 d5 2. d4 Nc6 3. e4 dxe4 4. Nxe4 Nxd4 5. Be3 Nc6 6. Qxd8+ Nxd8 7. Bc4 Be6
8. Bd3 h6 9. Nf3 a6 10. b3 b5 11. c3 Bg4 12. Nfd2 e5 13. f3 Bh5 14. g4 Bg6 15.
b4 Ne6 16. a4 c6 17. Bc5 Bxc5 18. bxc5 Ne7 19. axb5 Nf4 20. Bc4 Ng2+ 21. Kf2 Nf4
22. bxa6 O-O 23. h4 h5 24. Ng5 Ned5 25. Bxd5 Nxd5 26. Nde4 f6 27. Ne6 Rfe8 28.
c4 Nb4 29. Nc7 Nd3+ 30. Ke3 Bxe4 31. fxe4 Nxc5 32. gxh5 Red8 33. Nxa8 Rxa8 34.
a7 1-0

[Event "1700 rating only please!!"]
[Site "http://www.queenalice.com/game.php?id=485136"]
[Date "2008.10.30"]
[Round "-"]
[White "Kingswarrior"]
[Black "Mikejr"]
[Result "1/2-1/2"]
[WhiteElo "1668"]
[BlackElo "1678"]

1. d4 d5 2. Nf3 Nc6 3. e3 a6 4. Bd3 Bg4 5. Nbd2 e5 6. Be2 e4 7. Ne5 Be6 8. c4
Nf6 9. c5 Nxe5 10. dxe5 Nd7 11. Qa4 Bxc5 12. b4 Be7 13. Bb2 O-O 14. g3 Nb6 15.
Qb3 f6 16. exf6 Bxf6 17. Bd4 h6 18. h4 Rf7 19. f3 Qd6 20. f4 Rff8 21. a4 a5 22.
b5 Nc8 23. Rc1 b6 24. Rg1 Ne7 25. Nf1 Nf5 26. Rd1 Rab8 27. h5 Kh8 28. Bg4 c6 29.
Kf2 c5 30. Bb2 d4 31. Qa3 d3 32. Ba1 Rbd8 33. Nd2 Qd5 34. Bb2 Rc8 35. Rc1 Nd6
36. Bd1 c4 37. Bc3 Nf5 38. Bg4 1/2-1/2

[Event "Let's Play Chess!"]
[Site "http://www.queenalice.com/game.php?id=491512"]
[Date "2008.11.11"]
[Round "-"]
[White "Kingswarrior"]
[Black "spawnwolfwolverine"]
[Result "0-1"]
[WhiteElo "1689"]
[BlackElo "1603"]

1. d4 d5 2. Nf3 e6 3. e3 Nf6 4. a3 Be7 5. Bd3 O-O 6. O-O b6 7. Re1 a5 8. a4 Ba6
9. e4 Bxd3 10. Qxd3 Nbd7 11. Nc3 c5 12. b3 cxd4 13. Qxd4 Bb4 14. Bd2 Bxc3 15.
Bxc3 Nc5 16. e5 Nfe4 17. Nd2 Nxc3 18. Qxc3 Rb8 19. Nf3 f6 20. exf6 Qxf6 21. Re5
Ne4 22. Qd3 Qg6 23. c4 Rf5 24. cxd5 Rxe5 25. Nxe5 Nc5 26. Qc4 exd5 27. Qxd5+ Qe6
28. Qxe6+ Nxe6 29. f3 b5 30. Kf2 Nd4 31. Nd7 Rb7 32. Nc5 Rb6 33. Ke3 Nc2+ 34.
Ke4 Nxa1 35. g4 bxa4 36. bxa4 Nb3 37. Kd5 Nxc5 38. Kxc5 Rh6 39. Kb5 Rxh2 40.
Kxa5 Rf2 41. Kb6 Rxf3 42. a5 g6 43. a6 h5 44. a7 Ra3 45. gxh5 gxh5 46. Kb7 h4
47. a8=R+ Rxa8 0-1

[Event "Second simultan 25"]
[Site "http://www.queenalice.com/game.php?id=498954"]
[Date "2008.11.27"]
[Round "-"]
[White "Kingswarrior"]
[Black "Gambitshark"]
[Result "0-1"]
[WhiteElo "1670"]
[BlackElo "2674"]

1. e4 e5 2. Nc3 f5 3. exf5 Nf6 4. Qf3 d5 5. d4 exd4 6. Nce2 Bc5 7. a3 O-O 8. b4
Bb6 9. c3 dxc3 10. Nxc3 Nc6 11. Nge2 Ne5 12. Qh3 Nfg4 13. Be3 Nxe3 14. fxe3 Bxf5
15. Qg3 Nd3+ 16. Kd2 Re8 17. Nd4 Bxd4 18. exd4 Nb2 19. Qf3 Qg5+ 0-1

[Event "Let's Play Chess!"]
[Site "http://www.queenalice.com/game.php?id=499044"]
[Date "2008.11.28"]
[Round "-"]
[White "Kingswarrior"]
[Black "spawnwolfwolverine"]
[Result "1-0"]
[WhiteElo "1668"]
[BlackElo "1592"]

1. d4 d5 2. Nf3 b6 3. e3 e6 4. a3 Nf6 5. Bd3 Be7 6. O-O O-O 7. Nc3 Nbd7 8. e4 c5
9. e5 Ne4 10. Nxe4 dxe4 11. Bxe4 Rb8 12. Be3 Bb7 13. d5 exd5 14. Bxd5 Bxd5 15.
Qxd5 b5 16. g3 Nb6 17. Qe4 Qd5 18. Qf4 Nc4 19. b3 Nxe3 20. fxe3 a5 21. e4 Qe6
22. h4 a4 23. Rab1 axb3 24. cxb3 c4 25. b4 Ra8 26. Nd4 Qb6 27. Rfd1 Rxa3 28. Kf1
Rd3 29. Rxd3 cxd3 30. Nf5 Re8 31. Qd2 g6 32. Nh6+ Kg7 33. Ng4 h5 34. Qh6+ Kg8
35. Nf2 Rd8 36. Rb3 d2 37. Nd1 Rd4 38. Qe3 Bd8 39. Rd3 Rxb4 40. Qxd2 Bc7 41.
Qxb4 Bxe5 42. Qe7 Bg7 43. Rd8+ Kh7 44. Qe8 Qf6+ 45. Nf2 b4 46. Qg8+ Kh6 47. Rb8
Qa1+ 48. Kg2 Qc3 49. Qxf7 Bd4 50. Qf4+ Kg7 51. Rb7+ Kh8 52. Qf8# 1-0

[Event "Challenge"]
[Site "http://www.queenalice.com/game.php?id=503061"]
[Date "2008.12.5"]
[Round "-"]
[White "Kingswarrior"]
[Black "Mars"]
[Result "0-1"]
[WhiteElo "1681"]
[BlackElo "1728"]

1. d4 d5 2. Nc3 c5 3. Nf3 Nc6 4. Be3 c4 5. b3 e6 6. a3 Be7 7. b4 Nf6 8. Qd2 Ne4
9. Nxe4 dxe4 10. b5 exf3 11. bxc6 bxc6 12. exf3 Bb7 13. Bxc4 a5 14. a4 Bb4 15.
c3 Be7 16. g4 Ba6 17. Qd3 Qc8 18. h4 Bf6 19. g5 Be7 20. f4 g6 21. h5 O-O 22.
hxg6 fxg6 23. Rb1 Bxc4 24. Qxc4 Qd7 25. Ke2 Bd6 26. Rh4 Rae8 27. Qd3 Re7 28. c4
Ref7 29. Qe4 Bc7 30. c5 Qd5 31. Qxd5 cxd5 32. Kf3 Kh8 33. Rb7 Kg8 34. Bd2 Bd8
35. Rb5 Bxg5 36. Rg4 Bd8 37. Bxa5 Bc7 38. Bb6 e5 39. Bxc7 Rxc7 40. dxe5 d4 41.
Ke4 Rd8 42. f5 d3 43. fxg6 d2 44. gxh7+ Kxh7 45. Rh4+ Kg6 46. Rg4+ Kh5 47. Kf5
d1=Q 48. Rg5+ Kh4 49. Rb4+ Rd4 50. Rxd4+ Qxd4 51. Rg6 Qd7+ 52. Re6 Qf7+ 53. Rf6
Qh7+ 54. Ke6 Re7+ 55. Kd5 Qd3+ 56. Kc6 Qd7+ 57. Kb6 Qb7+ 58. Ka5 Rxe5 59. Rf4+
Kg5 60. Rc4 Re6 61. f4+ Kf5 62. c6 Qc7+ 63. Kb5 Qa7 64. a5 Kf6 65. a6 Ke7 66.
Rc5 Kd6 67. Rc3 Kc7 68. Rc4 Qb6+ 69. Ka4 Qxa6+ 70. Kb3 Re3+ 71. Kb4 Kb6 72. Rc5
Qa3+ 0-1